[Event "ESP-ch U12 rapid"]
[Site "Salobrena"]
[Date "2023.07.16"]
[Round "6"]
[White "Soto Fernandez, Diego"]
[Black "Fernandez Outon, Yeray"]
[Result "1-0"]
[WhiteElo "1435"]
[BlackElo "1291"]
[PlyCount "61"]
[EventDate "2023.07.15"]
[EventType "swiss (rapid)"]
[EventRounds "9"]
[EventCountry "ESP"]
[SourceTitle "EXT 2024"]
[Source "ChessBase"]
[SourceDate "2023.10.10"]
[SourceVersion "1"]
[SourceVersionDate "2023.10.10"]
[SourceQuality "1"]

1. d4 b6 2. Nf3 Bb7 3. Bf4 Nf6 4. e3 e6 5. c3 Be7 6. Nbd2 d6 7. Bd3 Nbd7 8. e4 c5 9. 0-0 0-0 10. e5 dxe5 11. dxe5 Nd5 12. Bg3 f6 13. Re1 Qb8 14. exf6 N5xf6 15. Bxb8 Raxb8 16. Rxe6 Bd8 17. Qb3 Bd5 18. Bc4 Bxe6 19. Bxe6+ Kh8 20. Bxd7 Nxd7 21. Re1 Bc7 22. Re7 Rbd8 23. Qe6 Nf6 24. Rxc7 h6 25. Ne5 Rxd2 26. Ng6+ Kh7 27. Nxf8+ Kh8 28. h3 Rxb2 29. Qf7 Rb1+ 30. Kh2 Ng4+ 31. hxg4 1-0